Southville International School and Colleges
Your cart is empty.
  • Cart
  • Lists
    Public lists Eva Luna New books Lux_list list_1
    Your lists Log in to create your own lists
  • Log in to your account
  • Your cookies
  • Search history
Southville International School and Colleges
  • Advanced search
  • Recent comments
  • Most popular
  • Libraries

Log in to your account

Log in with GOOGLE


If you do not have an external account, but do have a local account, you can still log in:

  1. Home
  2. MARC view: Bible crossword puzzles:
Normal view MARC view ISBD view

Bible crossword puzzles: (Record no. 10213)

[ view plain ]
MARC details
000 -LEADER
fixed length control field 00519nam a22001817a 4500
003 - CONTROL NUMBER IDENTIFIER
control field OST
005 - DATE AND TIME OF LATEST TRANSACTION
control field 20140310182201.0
008 - FIXED-LENGTH DATA ELEMENTS--GENERAL INFORMATION
fixed length control field 130902t xxu||||| |||| 00| 0 eng d
020 ## - INTERNATIONAL STANDARD BOOK NUMBER
International Standard Book Number 9789715115025
050 ## - LIBRARY OF CONGRESS CALL NUMBER
Classification number BX 895
Item number D715 1975
082 ## - DEWEY DECIMAL CLASSIFICATION NUMBER
Classification number HS 793.73
Item number D73 1975
100 ## - MAIN ENTRY--PERSONAL NAME
Personal name Bible crossword puzzles
9 (RLIN) 16248
245 ## - TITLE STATEMENT
Title Bible crossword puzzles:
Statement of responsibility, etc Teddy Doromal Jr.
260 ## - PUBLICATION, DISTRIBUTION, ETC. (IMPRINT)
Place of publication, distribution, etc Manila, Philippines :
Name of publisher, distributor, etc OMF Literature Inc,
Date of publication, distribution, etc c1997.
300 ## - PHYSICAL DESCRIPTION
Extent 32 p. :
Other physical details ill. ;
Dimensions 21 cm.
942 ## - ADDED ENTRY ELEMENTS (KOHA)
Source of classification or shelving scheme Library of Congress Classification
Koha item type
Holdings
Withdrawn status Lost status Source of classification or shelving scheme Damaged status Home library Current library Shelving location Date acquired Total Checkouts Full call number Barcode Date last seen Copy number Price effective from Koha item type
    Library of Congress Classification   Luxembourg Library Luxembourg Library High School Section 09/02/2013   BX 895 .D715 1975 15548 06/13/2017 1 10/03/2013 Books

Bible crossword puzzles:

APA

Bible crossword puzzles, . (1997). Bible crossword puzzles. Manila, Philippines: OMF Literature Inc.

Chicago

Bible crossword puzzles, . 1997. Bible crossword puzzles. Manila, Philippines: OMF Literature Inc.

Harvard

Bible crossword puzzles, . (1997). Bible crossword puzzles. Manila, Philippines: OMF Literature Inc.

MLA

Bible crossword puzzles, . Bible crossword puzzles. Manila, Philippines: OMF Literature Inc. 1997.

  • Place hold
  • Print
  • Cite
  • Add to your cart (remove)
  • Save record
    BIBTEX Dublin Core MARCXML MARC (non-Unicode/MARC-8) MARC (Unicode/UTF-8) MARC (Unicode/UTF-8, Standard) MODS (XML) RIS
  • More searches
    Search for this title in:
    Other Libraries (WorldCat) Other Databases (Google Scholar) Online Stores (Bookfinder.com) Open Library (openlibrary.org)

Exporting to Dublin Core...

SOUTHVILLE LIBRARY

Southville International School and Colleges Library

1281 Tropical Ave. Cor. Luxembourg St., BF Homes International, Las Pinas City

Tel. No. 8256374 / 252358 Loc. 117/146

Powered by Koha